000 00694nam a2200229 a 4500
001 000013090
005 20240530073916.0
008 091120s2003 dr 000 f spa d
020 _a9993400734
040 _aDO-SdBNP
_bspa
_cBNPHU
082 _aRD863.44
_bS787c, 2003
100 1 _aStanley, Avelino,
_d1959-
_91536
245 1 0 _aCatedral de la libido /
_cAvelino Stanley.
250 _a4a ed.
260 _aSanto Domingo :
_bCocolo,
_c2003.
300 _a215 p. ;
_c21 cm.
590 _aInventariado, 2020 /LP
650 4 _aNovela erĂ³tica dominicana
_930214
650 0 _aNovela dominicana
_9223
650 0 _aLiteratura dominicana.
_967
910 _aValidado. Control de calidad MMOLINA
999 _c12732
_d12732